| 000 | 00372nam a2200157Ia 4500 | ||
|---|---|---|---|
| 008 | 230711s9999||||xx |||||||||||||| ||und|| | ||
| 041 | _aENG | ||
| 082 |
_a526.9 _bDU-S |
||
| 100 | _aDuggal,S.K | ||
| 245 | 0 | _aSurveying | |
| 250 | _a2nd Ed. | ||
| 260 |
_c2004 _aNew Delhi _bTata McGraw Hill Education Limited |
||
| 300 | _a440 | ||
| 650 | _aCivil Engineering | ||
| 942 | _cBK | ||
| 999 |
_c8534 _d8534 |
||